| 000 | 00653nam a2200229Ia 4500 | ||
|---|---|---|---|
| 003 | OSt | ||
| 005 | 20230524113706.0 | ||
| 008 | 210423s2010 xx 000 0 und d | ||
| 020 | _a81-7851-063-4 | ||
| 040 | _cAL | ||
| 041 | _aeng | ||
| 082 | _a820.954 AROP | ||
| 100 |
_aARORA (Neena);DHAWAN (R K) _9112152 |
||
| 245 | _aPartition and Indian literature: voices of the wounded psyche Vol 2 | ||
| 260 |
_aNew Delhi _bPrestige Books _c2010 |
||
| 300 |
_a411 _bHB |
||
| 365 |
_b1000 _cINR |
||
| 440 | _v2 | ||
| 650 |
_aEnglish Criticism _9112153 |
||
| 906 | _aIndian ; literature: ; Partition ; psyche ; voices ; Vol ; wounded | ||
| 942 |
_2ddc _cBK |
||
| 999 |
_c168012 _d168012 |
||